Polarografía
Uloženo v:
| Hlavní autoři: | , |
|---|---|
| Médium: | Kniha |
| Jazyk: | španělština |
| Vydáno: |
Washington, D.C
OEA
1974
|
| Edice: | Química, 13
|
| Témata: | |
| Tagy: |
Přidat tag
Žádné tagy, Buďte první, kdo vytvoří štítek k tomuto záznamu!
|
MARC
| LEADER | 00000cam a2200000 a 4500 | ||
|---|---|---|---|
| 001 | UCU3259 | ||
| 003 | CL-VaPUC | ||
| 008 | 960502e19740000US |||||||||||||||||spa|d | ||
| 082 | 0 | 4 | |a 543.087 |b ARV |2 21 |
| 100 | 0 | |a Arvía, Alejandro Jorge |e author |9 360129 | |
| 700 | 0 | |a Bolzán, Jorge ALfredo |e author |9 360130 | |
| 245 | 1 | 0 | |a Polarografía |
| 300 | |a 83 p | ||
| 942 | |c BK | ||
| 945 | |d 19960502 00:00:00 |a lriquelm | ||
| 260 | |a Washington, D.C |b OEA |c 1974 | ||
| 650 | 7 | |a POLAROGRAFIA |2 CL-VaPUC |9 360131 | |
| 650 | 0 | |a Química |9 259896 | |
| 650 | 0 | |a Química física |9 260596 | |
| 650 | 0 | |a Electroquímica |9 263973 | |
| 650 | 0 | |a Química analítica |9 259648 | |
| 583 | |a last modification |c 20160713 02:38:49 |k Rodrigo Vera | ||
| 490 | 0 | |a Química, 13 | |
| 999 | |c 247335 |d 247333 | ||
| 952 | |0 0 |1 0 |4 0 |6 543_087000000000000_ARV_1974 |7 0 |8 A |9 263187 |a BIBING |b BIBING |d 2019-11-19 |i 1652311 |o 543.087 ARV 1974 |p 1652311 |r 2025-01-20 |w 2019-11-19 |y BK |k EIQ | ||
| 952 | |0 0 |1 0 |4 0 |6 543_087000000000000_ARV_1974 |7 0 |8 A |9 263188 |a BIBING |b BIBING |d 2019-11-19 |i 1652109 |o 543.087 ARV 1974 |p 1652109 |r 2025-01-20 |w 2019-11-19 |y BK |k EIQ | ||
| 952 | |0 0 |1 0 |3 erb |4 0 |6 543_087000000000000_ARV_1974 |7 0 |8 A |9 263191 |a BIBCUR |b BIBCUR |i 5315352 |o 543.087 ARV 1974 |p 5315352 |r 2025-04-22 |w 2019-11-19 |y BK |z Catalogado en:20160713 |k BCB | ||